000 00558nam a2200145Ia 4500
008 090124s9999 xx 000 0 und d
082 _b5561
_a861
245 _a बृहदारण्यकोपनिषद्भाष्यार्थ
250 _a1
260 _c1937
630 _a बृहदारण्यकोपनिषद्भाष्यार्थ
700 _aबापट वि. वा. (विष्णु वा.)
730 _a बृहदारण्यकोपनिषद्भाष्यार्थ
942 _cBOOK
999 _c119502
_d119502